Report of the twenty-fifth session of the committee on fisheries, Rome 24 - 28 February 2003

Gorde:
Xehetasun bibliografikoak
Egile nagusia: FAO
Formatua: Liburua
Hizkuntza:Undetermined
Argitaratua: Rome, Italy FAO 2003
Gaiak:
Etiketak: Etiketa erantsi
Etiketarik gabe, Izan zaitez lehena erregistro honi etiketa jartzen!
Thư viện lưu trữ: Trung tâm Học liệu Trường Đại học Cần Thơ
LEADER 00470nam a2200169Ia 4500
001 CTU_59097
008 210402s9999 xx 000 0 und d
082 |a 639 
082 |b R425 
100 |a FAO 
245 0 |a Report of the twenty-fifth session of the committee on fisheries, Rome 24 - 28 February 2003 
260 |a Rome, Italy 
260 |b FAO 
260 |c 2003 
650 |a fisheries 
904 |i Minh 
980 |a Trung tâm Học liệu Trường Đại học Cần Thơ